| 000 | 01138cam a2200277 a 4500 | ||
|---|---|---|---|
| 001 | 000038726 | ||
| 005 | 20240305120454.0 | ||
| 008 | 860416s1983 dr b 001 0 spa d | ||
| 040 |
_aDO-SdBNP _bspa _cBNPHU |
||
| 082 |
_a345.05 _bJ82j |
||
| 100 | 1 |
_aJorge Blanco, Salvador, _d1926-2010 _930551 |
|
| 245 | 1 | 0 |
_aJusticia y prensa / _cSalvador Jorge Blanco ; prólogo Jottin Cury ; corrección Rodolfo Cruz ; edición Danilo de los Santos. |
| 250 | _a2a. ed. | ||
| 260 |
_aSantiago, Republica Dominicana : _bUniversidad Catolica Madre y Maestra, _c1983. |
||
| 300 |
_a303 p. ; _c22 cm. |
||
| 490 | 1 | _aEstudios | |
| 500 | _aIncluye índice | ||
| 504 | _aIncluye referencias bibliográficas y notas al pie de las páginas | ||
| 650 | 4 |
_aAdministración de justicia _zRepública Dominicana _910274 |
|
| 650 | 7 |
_aLibertad de prensa y juicio imparcial _zRepública Dominicana _2Sears _910275 |
|
| 651 | 4 |
_aRepublica Dominicana _vENSAYOS, CONFERENCIAS, ETC. _910276 |
|
| 700 | 1 |
_aCury, Jottin, _epról. _910227 |
|
| 700 | 1 |
_aCruz, Rodolfo, _ecorr. _910277 |
|
| 700 | 1 |
_aSantos, Danilo de los, _d1943-2018 _eed. _910278 |
|
| 830 | 0 |
_aEstudios _93854 |
|
| 999 |
_c38216 _d38216 |
||